[Event "Prague Summer op-B 6th"]
[Site "Prague"]
[Date "2019.08.05"]
[Round "5"]
[White "Dharani Srinivas, KB."]
[Black "Svetly, Jiri"]
[Result "1/2-1/2"]
[WhiteElo "1690"]
[BlackElo "1871"]
[PlyCount "33"]
[EventDate "2019.08.02"]
[EventType "swiss"]
[EventRounds "9"]
[EventCountry "CZE"]
[SourceTitle "EXT 2020"]
[Source "ChessBase"]
[SourceDate "2019.10.17"]
[SourceVersion "1"]
[SourceVersionDate "2019.10.17"]
[SourceQuality "1"]

1. e4 d6 2. d4 Nf6 3. Nc3 g6 4. h3 Bg7 5. Be3 0-0 6. Qd2 c6 7. g4 b5 8. Bg2 e5 9. Nce2 Re8 10. Ng3 Qc7 11. N1e2 a5 12. 0-0 Ba6 13. Bh6 Qe7 14. Bxg7 Kxg7 15. f4 Kh8 16. g5 Nfd7 17. Rf2 1/2-1/2